000 00469nam a2200193Ia 4500
005 20221019133202.0
008 131103s9999 xx 000 0 und d
040 _aLoreto College
041 _aEnglish
082 _a154.63
_bHAD
100 _aHadfield, J. A.
245 _aDreams and nightmares
_cJ. A. Hadfield
260 _aHarmondsworth
_bPenguin
_c1954
300 _axi,244p
504 _aInclude index
650 _aDream
850 _aLCLIB
942 _cBK
999 _c18512
_d68991